Responses for Show #6152 - Tuesday, May 17, 2011

Contestants

[<< previous game]

Ramesh Mantha, an electrical engineer from Toronto, Ontario

Lisa Bloomberg, a medical student from Minneapolis, Minnesota

Joyce Newmark, a rabbi from Teaneck, New Jersey (whose 1-day cash winnings total $29,200)

[next game >>]

Jeopardy! Round responses

WHAT HAPPENS IN VEGAS
BOND FILMS IN OTHER WORDS
FREE STUFF ON THE INTERNET
SANDWICHES
STARTS WITH A SILENT "W"
FLIGHT SIMULATION
    $200 15
Mormons

Lisa
    $200 4
Diamonds Are Forever

Joyce
    $200 9
diabetes

Lisa
    $200 3
avocado

Ramesh
    $200 1
a wreath

Joyce
    $200 26
turbulence

Ramesh
    $400 16
the Hoover Dam

Lisa
    $400 5
The Spy Who Loved Me

Joyce
    $400 10
Kraft

Joyce
    $400 14
Dagwood Bumstead

Ramesh
    $400 2
who

Ramesh
    $400 27
the horizon

Lisa
    $600 17
The Flamingo

Joyce
    $600 6
Goldfinger

Lisa
    $600 11
Gillette

Lisa
    $600 20
pastrami

Ramesh
    $600 23
wrenches

Joyce
    $2,200 28
pitch

Lisa
    $800 18
the Strip

Lisa
    $800 7
View to a Kill

Joyce
    $800 12
contact lenses

Lisa
    $800 21
a McRib

Lisa
    $800 24
wren

Joyce
    $800 29
the flaps

Ramesh
    $1000 19
Clark

Joyce
    $1000 8
(Ramesh: What is You Only Live Twice?)

Live and Let Die

JoyceRamesh
    $1000 13
KFC

Lisa
    $1000 22
Monte Cristo

Joyce
    $1000 25
wretched

Joyce
    $1000 30
topography

Lisa

Scores at the first commercial break (after clue 15):

Joyce Lisa Ramesh
$3,000 $3,400 $0

Scores at the end of the Jeopardy! Round:

Joyce Lisa Ramesh
$8,000 $9,000 $1,600

Double Jeopardy! Round responses

THE 2nd MILLENNIUM
VOCABULARY
RECENT NONFICTION
THINGS
BITS
STUFF
    $400 1
(Lisa: What is the 18th century?)

the 17th century

LisaRamesh
    $400 16
a muffler

Lisa
    $400 11
Cleopatra

Lisa
    $400 6
(Joyce: What is a poinsettia?)

mistletoe

JoyceRamesh
    $400 21
Abbott and Costello

Joyce
    $400 26
a shirt

Joyce
    $800 2
Indians

Joyce
    $800 17
litmus

Lisa
    $800 12
Chicken Soup

Joyce
    $800 7
the Sphinx

Ramesh
    $800 22
George Carlin

Lisa
    $800 27
a taxidermist

Lisa
    $1200 3
Eleanor Roosevelt

Lisa
    $1200 18
karma

Ramesh
    $1200 13
Tim Gunn

Lisa
    $1200 8
a tuffet

Lisa
    $1200 23
(Alex: With less than a minute to go.)

(Steven) Wright

Ramesh
    $1200 28
(Ramesh: What is a compressor?)
(Alex: [after a long pause] Nope.)

compression

JoyceRamesh
    $1600 4
the Third Reich

Joyce
    $1600 19
(Ramesh: What is hexannual?)

hexennial

LisaRamesh
    $4,000 14
Patti Smith

Lisa
    $1600 9
the Big Dipper

Joyce
    $1600 24
Eddie Izzard

Lisa
    $1600 29
[The end-of-round signal sounds.]

Hilary Duff

Triple Stumper
    $2000 5
food

Ramesh
    $5,000 20
recuse

Lisa
    $2000 15
(Alex: You're a well-read young lady.)

Mark Bittman

Lisa
    $2000 10
stainless steel

Lisa
    $2000 25
grapes

Lisa

Scores at the end of the Double Jeopardy! Round:

Joyce Lisa Ramesh
$14,400 $33,600 $4,800
(lock game)

[wagering suggestions for these scores]

Final Jeopardy! Round responses

FICTIONAL CHARACTERS
RameshWho is Sherlock Holmes?
$4,000
JoyceWho is Sherlock Holmes?
$14,000
LisaWho is Sherlock Holmes
$1,400
Sherlock Holmes

Final scores:

Joyce Lisa Ramesh
$28,400 $35,000 $8,800
2nd place: $2,000 New champion: $35,000 3rd place: $1,000

Game dynamics:

Coryat scores:

Joyce Lisa Ramesh
$14,400 $26,600 $4,800
19 R,
1 W
27 R
(including 3 DDs),
1 W
12 R,
3 W

Combined Coryat: $45,800

[game clues] [game scores] [suggest correction]

Game tape date: 2011-02-02
The J! Archive is created by fans, for fans. Scraping, republication, monetization, and malicious use prohibited; this site may use cookies and collect identifying information. See terms. The Jeopardy! game show and all elements thereof, including but not limited to copyright and trademark thereto, are the property of Jeopardy Productions, Inc. and are protected under law. This website is not affiliated with, sponsored by, or operated by Jeopardy Productions, Inc. Join the discussion at JBoard.tv.